| 000 | 00535nam a2200217Ia 4500 | ||
|---|---|---|---|
| 005 | 20241216010221.0 | ||
| 008 | 180423s9999||||xx |||||||||||||| ||und|| | ||
| 020 | _a968-16-1211-6 | ||
| 082 |
_a860 _bP33 |
||
| 100 | _aPAZ, OCTAVIO | ||
| 245 | 0 |
_aTRAMPAS DE LA FE _bLENGUA Y ESTUDIOS LITERARIOS |
|
| 250 | _a3 | ||
| 260 |
_aMEXICO _bFONDO DE CULTURA ECONOMIC _c1995 |
||
| 300 |
_a671 pag. _c20.5 cm |
||
| 341 | _h0 | ||
| 490 |
_v0 _a0 |
||
| 541 |
_aC _d17-May-99 |
||
| 650 | _aLITERATURA | ||
| 856 | _zHumanidades | ||
| 942 | _cLIBRO | ||
| 999 |
_c8604 _d8604 |
||